Агентурное сообщение (шифртелеграмма) из Нью-Йорка о возможной победе СССР над Германией и японском нападении на Гонолулу

RUSMARC
00004022cbm0a2200301#x 450
0018cbea9dd-e1aa-4400-a0bf-06449a289972
00520221118104916.0
100##$a20221105j19411218k###0rusy50 ca
1010#$arus
102##$aUS
105##$ay###z########
1220#$ad19411218##
2001#$aАгентурное сообщение (шифртелеграмма) из Нью-Йорка о возможной победе СССР над Германией и японском нападении на Гонолулу
$j18 декабря 1941 г.
251##$cДокумент
300##$aЗаверенная копия
605##$2prlib_sh
$3LIBNET\UAF\0000088514
$aВторая мировая война в архивных документах (Комплекс оцифрованных архивных документов, кино- и фотоматериалов)
$lколлекция
6061#$2prlib_sh
$3DITM\AF\0000002256
$aВторая мировая война
$z1939 - 1945
$xМеждународные отношения
$jДокументы и материалы
617##$aСША
$f1941
$2prlib_sh
617##$aСССР
$f1941
$2prlib_sh
617##$aГермания
$f1941
$2prlib_sh
617##$aЯпония
$f1941
$2prlib_sh
686##$a63.3(2)622,11-6ю1
$vLBC/M
$2rubbk
686##$a63.3(0)62-6ю1
$vLBC/M
$2rubbk
801#0$aRU
$bТюменская ОНБ
$c20221105
801#1$aRU
$bТюменская ОНБ
$c20221105
$2rusmarc
801#2$aRU
$bПБ им. Б.Н. Ельцина
$c20221118
$2rusmarc
850##$aАрхив Службы внешней разведки России
852##$aАрхив Службы внешней разведки России
035##$aLIBNET\0001284198
937##$d180752849
$hФедеральное архивное агентство
8564#$uhttp://readingroom.main.prlib.ru/item.aspx?id_node=n180752849&mode=full
Формат отображения